| 000 | 00729nam a22002297a 4500 | ||
|---|---|---|---|
| 999 |
_c15274 _d15274 |
||
| 003 | AR-CdUCM | ||
| 008 | 190426b ||||| |||| 00| 0 spa d | ||
| 020 | _a978-607-32-3438-2 | ||
| 040 |
_aMUNICIPALIDAD PROVINCIAL DEL CUSCO _cBIBLIOTECA MUNICIPAL DEL CUSCO |
||
| 041 | _hspa | ||
| 082 |
_aES / 808.06 / _bD52 |
||
| 100 |
_aDelgado, Grizel _934322 |
||
| 245 | _aTu abuela en bicicleta / | ||
| 260 |
_aMexico : _bPearson, _c2016. |
||
| 300 |
_a160 paginas ; _bIlustraciones, _c21 cm. |
||
| 650 |
_aCuentos para niñas (os) _933717 |
||
| 650 |
_aCuentos de aventura en bicicleta _934323 |
||
| 650 |
_aLiteratura infantil _9588 |
||
| 700 |
_aVelásquez Jacqueline _934324 |
||
| 942 |
_2ddc _cLIBROS |
||
| 945 |
_awnts _d2019-04-26 |
||